Network theory and filter design (Record no. 562)

MARC details
000 -LEADER
Fixed length control field 00462nam a2200181 4500
003 - CONTROL NUMBER IDENTIFIER
Control field SEACOMEC
005 - DATE AND TIME OF LATEST TRANSACTION
Control field 20240131162250.0
008 - FIXED-LENGTH DATA ELEMENTS--GENERAL INFORMATION
Fixed length control field 240131b |||||||| |||| 00| 0 eng d
020 ## - INTERNATIONAL STANDARD BOOK NUMBER / ISBN
Price Rs.495.00
040 ## - CATALOGING SOURCE
Original cataloging agency SEACOMEC
082 ## - DEWEY DECIMAL CLASSIFICATION NUMBER
Classification number 621.3192
Book Number A115
100 ## - MAIN ENTRY--PERSONAL NAME
Personal name Aatre,Vasudev K.
245 1# - TITLE STATEMENT
Title Network theory and filter design
Statement of responsibility Vasudev K. Aatre
250 ## - EDITION STATEMENT
Edition statement 2nd ed.
260 ## - IMPRINT
Place of publication New Delhi
Name of publisher New Age
Date of publication 2003
650 ## - SUBJECT ADDED ENTRY--TOPICAL TERM
Topical term Technology,Transmission
942 ## - ADDED ENTRY ELEMENTS (KOHA)
Koha item type Books
Holdings
Withdrawn status Lost status Source of classification Damaged status Not for loan Home library Current library Date acquired Total Checkouts Call number Accession number Date last seen Copy number Price effective from Koha item type
    Dewey Decimal Classification     SEACOM ENGINEERING COLLEGE SEACOM ENGINEERING COLLEGE 06/06/2006   621.3192 A115 02030 31/01/2024 5 31/01/2024 Books
    Dewey Decimal Classification     SEACOM ENGINEERING COLLEGE SEACOM ENGINEERING COLLEGE 06/06/2006   621.3192 A115 02031 31/01/2024 6 31/01/2024 Books
    Dewey Decimal Classification     SEACOM ENGINEERING COLLEGE SEACOM ENGINEERING COLLEGE 06/06/2006   621.3192 A115 02032 31/01/2024 7 31/01/2024 Books
    Dewey Decimal Classification     SEACOM ENGINEERING COLLEGE SEACOM ENGINEERING COLLEGE 06/06/2006   621.3192 A115 02033 31/01/2024 8 31/01/2024 Books
    Dewey Decimal Classification     SEACOM ENGINEERING COLLEGE SEACOM ENGINEERING COLLEGE 06/06/2006   621.3192 A115 02034 31/01/2024 9 31/01/2024 Books
© Seacom Engineering College, All rights reserved.      Powered by Koha